Notas sobre el desarrollo comarcal de La Mancha / (Record no. 132049)

MARC details
000 -LEADER
campo de control de longitud fija 00636nam a2200181 4500
001 - NÚMERO DE CONTROL
campo de control 132049
003 - IDENTIFICADOR DE NÚMERO DE CONTROL
campo de control ES-MaACL
005 - FECHA Y HORA DE LA ÚLTIMA TRANSACCIÓN
campo de control 20230906194108.0
007 - CAMPO FIJO DE DESCRIPCIÓN FÍSICA--INFORMACIÓN GENERAL
campo de control de longitud fija t|
008 - DATOS DE LONGITUD FIJA--INFORMACIÓN GENERAL
campo de control de longitud fija 070214s1981 sp r ||||1| spa d
100 1# - ENTRADA PRINCIPAL--NOMBRE DE PERSONA
Nombre de persona Rodríguez Rodríguez, Vicente.
9 (RLIN) 98771
245 10 - MENCIÓN DEL TÍTULO
Título Notas sobre el desarrollo comarcal de La Mancha /
Mención de responsabilidad, etc. Vicente Rodríguez Rodríguez.
260 ## - PUBLICACIÓN, DISTRIBUCIÓN, ETC.
Lugar de publicación, distribución, etc. [S. l.] :
Nombre del editor, distribuidor, etc. [s. n.],
Fecha de publicación, distribución, etc. 1981.
300 ## - DESCRIPCIÓN FÍSICA
Extensión 12 h. ;
Dimensiones 24 cm.
500 ## - NOTA GENERAL
Nota general Es tirada aparte de: Anales de Geografía de la universidad Complutense, 1981, p. 117-139.
710 2# - ENTRADA AGREGADA--NOMBRE DE ENTIDAD CORPORATIVA
Nombre de entidad corporativa o nombre de jurisdicción como elemento de entrada Universidad Complutense de Madrid.
9 (RLIN) 7098
852 ## - LOCALIZACIÓN
Ubicación ES-MaACL
Número de control de estantería 2128-F-2
Sublocalización o colección R.105518
Holdings
Estatus retirado Estado de pérdida Estado de daño No para préstamo Colección Biblioteca de origen Biblioteca actual Ubicación en estantería Fecha de adquisición Fuente de adquisición Total de préstamos Signatura topográfica completa Código de barras Visto por última vez Precio de reemplazo Tipo de ítem Koha
        Colección de folletos Biblioteca del Ateneo de Madrid Biblioteca del Ateneo de Madrid Depósito folletos 17/01/2008     2128-F-2 1137479 23/02/2023 23/02/2023 Folleto